00668 2200229 4500001002100000005001500021035002500036090001500061245007900076260004700155300003300202007000300235008004100238020002100279040002200300082001400322084001200336440003200348650002800380850001200408990001800420YOGYA00000000009786320240827094823 a0010-081400000097580 aKR 030 WIL aWildlife wonders :bVisit some animal tricksters, rarities, and homebodies3 aChicago :bEncyclopaedia Britannica,c2003 a63 hlm. :bilus. ;c28,5 cm.ta131122s2003 yoia d ind d a978-159-339-0464 aYOPDYOGbinderda042[22]a030 a030 WIL aBritannica Learning Library 4aBinatang--vEnsiklopedi aYOPDYOG a12367-PD/B.05